Abiotic stress and physiological process in plants (Record no. 74655)
[ view plain ]
| 000 -LEADER | |
|---|---|
| fixed length control field | 00323nam a22001217a 4500 |
| 020 ## - INTERNATIONAL STANDARD BOOK NUMBER | |
| ISBN | 9789385516696 |
| 082 ## - DEWEY DECIMAL CLASSIFICATION NUMBER | |
| Classification number | 581.522.5:581.5 |
| Item number | BHA |
| 100 ## - MAIN ENTRY--AUTHOR NAME | |
| Personal name | BHATTACHARYA, A |
| 245 ## - TITLE STATEMENT | |
| Title | Abiotic stress and physiological process in plants |
| 260 ## - PUBLICATION, DISTRIBUTION, ETC. (IMPRINT) | |
| Place of publication | New Delhi |
| Name of publisher | New India Publishing Agency |
| Year of publication | 2017 |
| 300 ## - PHYSICAL DESCRIPTION | |
| Number of Pages | 451p. |
| 942 ## - ADDED ENTRY ELEMENTS (KOHA) | |
| Koha item type | Books |
No items available.